LEADER 03008nam a2200469 u 4500 001 000000056465 003 CaOOAMICUS 005 20070226120458.0 008 790324s1976 be u000 u mul u 020 $a9061860431 035 $a10875878 040 $aPica$bdut$dPUL(R) 041 0 $aeng$afre$ager$aita 098 $aNL-B7708024 245 04$aThe Concept of heresy in the Middle Ages (11th-13th c.) :$bproceedings of the international conference [held by the Institute of Medieval Studies] Louvain, May 13-16, 1973 /$cedited by W. Lourdaux and D. Verhelst. 260 $aLeuven :$bLeuven University Press ;$aThe Hague :$bNijhoff,$c1976. 300 $aviii, 232 p ;$c26 cm 490 1 $aMediaevalia Lovaniensia.$aSeries 1, Studia ;$v4 500 $aArticles in English, French, German and Italian. 700 1 $aLourdaux, Willem,$d1923-1989.$0(OLS)http://pul/name/5139 700 1 $aVerhelst, Daniël,$cC.I.C.M.,$d1933-$0(OLS)http://pul/name/5140 710 2 $aKatholieke Universiteit te Lovanio (1970- ).$0(OLS)http://pul/name/79656 774 0 $aMoore, R. I.$tHeresy as disease$w()95372 774 0 $aLeclercq, Jean.$tL'hérésie d'après les écrits de S. Bernard de Clairvaux$w()95373 774 0 $aClassen, Peter.$tDer Häresie-Begriff bei Gerhoch von Reichersberg und in seinem Umkreis$w()95374 774 0 $aHageneder, Othmar.$tDer Häresiebegriff bei den Juristen des 12. und 13. Jahrhunderts$w()95375 774 0 $aWalther, Helmut G.$tHäresie und päpstliche Politik : Ketzerbegriff und Ketzergesetzgebung in der Übergangsphase von der Dekretistik zur Dekretalistik$w()95376 774 0 $aAngelov, Dimit?r.$tUrsprung und Wesen des Bogomilentums$w()95377 774 0 $aTrawkowski, Stanis?aw.$tEntre l'orthodoxie et l'hérésie : Vita apostolica et le problème de la désobéissance$w()95378 774 0 $aCracco, Giorgio.$tPataria : opus e nomen (tra verità e autorità)$w()95379 774 0 $aVerbeke, Gérard.$tPhilosophy and heresy : Some conflicts between reason and faith$w()95380 774 0 $aDuvernoy, Jean.$tL'acception : "haereticus" (iretge) = "parfait cathare" en Languedoc au XIIIe siècle$w()95381 774 0 $aMariano da Alatri.$t"Eresie" persequite dall'inquisizione in Italia nel corso del duecento$w()95382 830 0$aMediaevalia Lovaniensia.$nSeries 1,$pStudia ;$v4.$0(OLS)http://pul/title/1024 850 $aPUL 852 $aPUL$W1$xSL Religione 1$y3$m74 E 19$j74055$nBK-PRI$b $qStampati$B74055$CPULBib$Z2$F74055 $H $81 941 1 $a8 961 $aINV: 50091 996 $6020$a9061860431$9(OLS)http://pul/number/71203 996 $6245$aThe Concept of heresy in the Middle Ages (11th-13th c.) :$bproceedings of the international conference [held by the Institute of Medieval Studies] Louvain, May 13-16, 1973$9(OLS)http://pul/title/75523 996 $6260$aLeuven :$bLeuven University Press$9(OLS)http://pul/publisher/48301 996 $6260$aThe Hague :$bNijhoff$9(OLS)http://pul/publisher/51810 LEADER 01838nam a2200373 u 4500 001 000000029876 003 CaOOAMICUS 005 20130507180325.0 008 970626s1997 it af u000 u ita u 020 $a8802050651 035 $a10766061 040 $aIPA$bita$dEFR$dPUL(R) 041 1 $aita$hlat 100 0 $aAugustinus,$cs., vesc. d'Ippona,$d354-430.$0(OLS)http://pul/name/1290 240 10$aSoliloquia$9(Augustinus, s., vesc. d'Ippona, 354-430).$lItaliano.$0(OLS)http://pul/title/40958 245 10$aSoliloqui e Confessioni di sant'Agostino /$ca cura di Aldo Moda. 260 $aTorino :$bUnione tipografico-editrice torinese,$cc1997. 300 $a769 p., [6] c. di tav. :$bill. ;$c24 cm 490 1 $aClassici delle religioni.$aSezione quarta, Religione cattolica 490 1 $aClassici UTET 500 $aComprende indici e riferimenti bibliografici. 700 1 $aModa, Aldo.$0(OLS)http://pul/name/5752 700 0 $aAugustinus,$cs., vesc. d'Ippona,$d354-430.$tConfessiones$9(Augustinus, s., vesc. d'Ippona, 354-430)$lItaliano.$0(OLS)http://pul/name/24147 830 0$aClassici delle religioni (UTET).$nSezione quarta,$pReligione cattolica.$0(OLS)http://pul/title/5149 830 0$aClassici UTET.$0(OLS)http://pul/title/1243 850 $aPUL 852 $aPUL$W1$xSL Religione 3$y85$m200. 3 COLL 3.50$j153792$nBK-PRI$qDDC 21$B41319$CPULBib$Z2$F41319 $H77091 $82 900 $aAgostino,$cs., vesc. d'Ippona,$d354-430$91290 900 $aAgostino, Aurelio,$cs., vesc. d'Ippona$d354-430$91290 941 1 $a9 961 $aINV: 77091 996 $6020$a8802050651$9(OLS)http://pul/number/37517 996 $6245$aSoliloqui e Confessioni di sant'Agostino$9(OLS)http://pul/title/40959 996 $6260$aTorino :$bUnione tipografico-editrice torinese$9(OLS)http://pul/publisher/48298